000 01072cam a2200229 4500
001 ##L130290
008 050712n2003 000 0 eng u
020 _a0881734160 (Fairmont Press)
_a0824709985 (Marcel Dekker)
035 _a(Sirsi) u130290
041 0 _aeng
050 0 4 _a333.72 $2 18
_a658.26 $2 21
100 1 _aThumann, Albert
245 0 0 _aHandbook of energy audits
250 _a6th ed.
260 _aLilburn
_bFairmont Press
_aNew York
_bMarcel Dekker
_c2003
300 _avii, 440p.
_c24cm.
350 _a74.99
520 _aPractical reference work on energy auditing in buildings and industry. Includes all the information necessary to plan and implement an accurate energy audit of any type of building, including electrical, mechanical and building systems analysis. Offers a guide to accounting procedures, rate of return, life cycle cost analysis and understanding your utility bills. Includes case studies.
690 _aENVIRONMENTAL AND LAND CONSULTANCY-ENERGY-ENERGY USE-ENERGY CONSERVATION
700 1 _aYounger, William J.
942 _n0
999 _c104428
_d104428